Sổ tay văn hóa Việt Nam

Bewaard in:
Bibliografische gegevens
Hoofdauteur: Trương Chính
Formaat: Boek
Taal:Undetermined
Gepubliceerd in: Hà Nội Văn Hóa 1978
Onderwerpen:
Tags: Voeg label toe
Geen labels, Wees de eerste die dit record labelt!
Thư viện lưu trữ: Trung tâm Học liệu Trường Đại học Cần Thơ
LEADER 00500nam a2200169Ia 4500
001 CTU_10873
008 210402s9999 xx 000 0 und d
082 |a 306.0899592 
082 |b Ch312 
100 |a Trương Chính 
245 0 |a Sổ tay văn hóa Việt Nam 
245 0 |c Trương Chính, Đặng Đức Siêu 
260 |a Hà Nội 
260 |b Văn Hóa 
260 |c 1978 
650 |a vietnam - civilization 
980 |a Trung tâm Học liệu Trường Đại học Cần Thơ